[Event "XXVIII Open"]
[Site "Benasque ESP"]
[Date "2008.07.12"]
[Round "10"]
[White "Burmakin,V"]
[Black "Magem Badals,J"]
[Result "1/2-1/2"]
[WhiteElo "2625"]
[BlackElo "2500"]

1.Nf3 d5 2.g3 c6 3.Bg2 Nf6 4.O-O Bf5 5.b3 h6 6.Bb2 e6 7.c4 Be7 8.d3 O-O 9.Re1 a5
10.Nc3 Na6 11.e4 dxe4 12.dxe4 Bh7 13.Qe2 Nc5 14.Rad1 Qb6 15.e5 Nfe4 16.Nxe4 Nxe4
17.Qe3 Qxe3 18.Rxe3 Rfd8 19.Nd4 Nc5 20.Bc3 Rd7 21.Re2 Na6 22.Red2 Bb4 23.Ne2 Rxd2
24.Rxd2 Kf8 25.Bxb4+ axb4 26.f3 Nc5 27.Nc1 Ke7 28.Kf2 Rd8 29.Rxd8 Kxd8 30.Ke3 Kd7
31.Kd4 Bb1 32.f4 h5 33.Bf3 g6 34.Be2 b6 35.Bf3  1/2-1/2

[Event "Maestro Open"]
[Site "Berdsk RUS"]
[Date "2008.07.12"]
[Round "5"]
[White "Gerasimov,Nikolay"]
[Black "Shlauzer,A"]
[Result "1-0"]
[WhiteElo "2122"]
[BlackElo "2108"]

1.Nf3 d5 2.g3 Nf6 3.Bg2 Bf5 4.d3 e6 5.O-O Be7 6.Nbd2 O-O 7.Nh4 Bg6 8.Nxg6 hxg6
9.e4 c6 10.Re1 Nbd7 11.e5 Ne8 12.a4 Qc7 13.Qe2 Rc8 14.f4 b5 15.c3 Nc5 16.axb5 Qb6
17.d4 Nd7 18.Ra6 Qb7 19.bxc6 Rxc6 20.Rxc6 Qxc6 21.c4 Nc7 22.c5 Qa4 23.Qd3 Nb8
24.b3 Qb4 25.Bb2 Nc6 26.Bc3 Qb7 27.g4 Na6 28.f5 Nab4 29.Qb1 Qb5 30.fxe6 Bxc5
31.exf7+ Rxf7 32.Nf3 Qb6 33.e6 Rf4 34.Kh1 Be7 35.Qxg6 Na2 36.Ng5 Qc7  1-0

[Event "ch-BEL"]
[Site "Eupen BEL"]
[Date "2008.07.12"]
[Round "8"]
[White "Van Mechelen,J"]
[Black "Buhr,CC"]
[Result "1/2-1/2"]
[WhiteElo "2269"]
[BlackElo "2344"]

1.Nf3 d5 2.g3 Nc6 3.Bg2 e5 4.d3 Nf6 5.O-O Be7 6.c4 O-O 7.cxd5 Nxd5 8.Nc3 Be6
9.a3 a5 10.Rb1 Kh8 11.Nxd5 Bxd5 12.b4 axb4 13.axb4 e4 14.Ne1 Ba2 15.Rb2 Bf6
16.Bxe4 Bxb2 17.Bxb2 Bd5 18.Bf5 Be6 19.Bxe6 fxe6 20.e3 Nxb4 21.Qg4 Qe7 22.Bxg7+ Qxg7
23.Qxb4 Ra1 24.d4 b6 25.Qb2 Rfa8 26.Nd3 Rxf1+ 27.Kxf1 Ra5 28.Qb3 Qd7 29.Nf4 e5
30.dxe5 Rxe5 31.Qa3 Qb5+ 32.Kg1 Kg7 33.Qc3 Qb1+ 34.Kg2 Qe4+ 35.Kg1 Qb1+ 36.Kg2 Qe4+
37.Kg1 Qb1+  1/2-1/2

[Event "Inautomarket Open"]
[Site "Minsk BLR"]
[Date "2008.07.12"]
[Round "3"]
[White "Zablotsky,S"]
[Black "Gagarin,V"]
[Result "1/2-1/2"]
[WhiteElo "2514"]
[BlackElo "2399"]

1.Nf3 d5 2.g3 Bg4 3.Bg2 Nd7 4.c4 e6 5.Qb3 Nc5 6.Qe3 c6 7.O-O Nf6 8.d4 Ncd7
9.Ne5 Nxe5 10.dxe5 Nd7 11.cxd5 cxd5 12.Nc3 Qb8 13.Qd4 Bh5 14.Bf4 Bc5 15.Qa4 Qd8
16.h4 a6 17.Bg5 Qb8 18.g4 b5 19.Qf4 h6 20.gxh5 hxg5 21.hxg5 Rxh5 22.Nxd5 exd5
23.Bxd5 Nxe5 24.Rfc1 Bd6 25.Rc3 Ra7 26.Rac1 Ke7 27.Re3 f6 28.gxf6+ gxf6 29.Rc6 Qh8
30.Qd4 Rd7 31.f4 Rh4 32.Rxd6 Rg4+ 33.Kf1 Rxd6 34.Qa7+ Rd7 35.Qc5+ Kd8 36.Qb6+ Ke7
37.Qc5+ Kd8 38.Qb6+  1/2-1/2

[Event "Maestro Open"]
[Site "Berdsk RUS"]
[Date "2008.07.13"]
[Round "6"]
[White "Sukhorukov,Ana"]
[Black "Kozlov,Va2"]
[Result "1/2-1/2"]
[WhiteElo "2023"]
[BlackElo "2150"]

1.Nf3 d5 2.g3 c5 3.Bg2 Nc6 4.d3 Bf5 5.Nbd2 Nf6 6.O-O Qd7 7.Re1 Bh3 8.Bh1 h5
9.e4 dxe4 10.dxe4 h4 11.e5 hxg3 12.hxg3 Nd5 13.e6 Bxe6 14.Ne4 b6 15.Neg5 Bg4
16.Ne5 Rxh1+ 17.Kxh1 Nxe5 18.f3 Nxf3 19.Nxf3 Qf5 20.Kg2 O-O-O 21.Qe2 Nb4
22.Bf4 Qxc2 23.Rac1 Qxe2+ 24.Rxe2 Nd3 25.Rc3 Nxf4+ 26.gxf4 e6 27.b4 Kb7 28.Rec2 Bxf3+
29.Kxf3 Rd4 30.bxc5 bxc5 31.Rc4 Rd3+ 32.Ke4 Rd5 33.Ra4 f5+ 34.Ke3 Bd6 35.Rxa7+ Kc6
36.Ra6+ Kc7 37.Ra7+ Kc6  1/2-1/2

[Event "Heart of Finland"]
[Site "Jyvaskyla FIN"]
[Date "2008.07.13"]
[Round "4"]
[White "Kivipelto,KE"]
[Black "Von Wright,A"]
[Result "1/2-1/2"]
[WhiteElo "2174"]
[BlackElo "2042"]

1.Nf3 d5 2.g3 e6 3.Bg2 Bd6 4.d4 f5 5.c4 c6 6.Qc2 Nf6 7.O-O O-O 8.Ne5 Nbd7
9.Nd3 Qe8 10.Bf4 Bxf4 11.Nxf4 g5 12.Nd3 Qh5 13.Nd2 Ng4 14.h3 Ngf6 15.f3 Qg6
16.e4 dxe4 17.fxe4 Nh5 18.g4 Ng3 19.exf5 exf5 20.gxf5 Ne2+ 21.Kh1 Ng3+ 22.Kg1 Ne2+
23.Kh1 Ng3+ 24.Kg1 Ne2+  1/2-1/2

[Event "Aegean Open"]
[Site "Aghios Kirykos GRE"]
[Date "2008.07.15"]
[Round "4"]
[White "Markus,Rob"]
[Black "Lekic,D"]
[Result "1-0"]
[WhiteElo "2572"]
[BlackElo "2377"]

1.Nf3 d5 2.g3 Nf6 3.Bg2 Bg4 4.c4 c6 5.cxd5 cxd5 6.Ne5 Bd7 7.O-O Nc6 8.Nxd7 Qxd7
9.a3 g6 10.b4 Bg7 11.Bb2 O-O 12.d3 a6 13.Nd2 Ne8 14.Bxg7 Nxg7 15.Nb3 b6 16.Qd2 e5
17.Rac1 Ne6 18.Qb2 f6 19.e3 Rac8 20.f4 Qd6 21.fxe5 fxe5 22.Rxf8+ Rxf8 23.Nd2 Ne7
24.Nf3 d4 25.e4 Kg7 26.Nd2 b5 27.Nb3 Rc8 28.Bh3 Rxc1+ 29.Qxc1 Nc6 30.Bg4 h5
31.Bxe6 Qxe6 32.Nc5 Qc8 33.Qg5 Qg8 34.g4 hxg4 35.Qxg4 Nd8 36.Qd7+ Kh6 37.Qe7 Nc6
38.Qf6  1-0

[Event "Maestro Open"]
[Site "Berdsk RUS"]
[Date "2008.07.15"]
[Round "8"]
[White "Agafonov,A"]
[Black "Potseluev,S2"]
[Result "1-0"]
[WhiteElo "2149"]
[BlackElo "1973"]

1.Nf3 d5 2.g3 Nf6 3.Bg2 Bf5 4.d4 e6 5.c4 c6 6.O-O Be7 7.Nc3 O-O 8.b3 Nbd7
9.Bb2 h6 10.Nd2 Qb6 11.e4 dxe4 12.Ndxe4 Nxe4 13.Nxe4 Nf6 14.Nd2 Rad8 15.Re1 Rfe8
16.c5 Qc7 17.Qe2 b6 18.cxb6 axb6 19.Rac1 Nd5 20.a3 Qb7 21.Nc4 Rc8 22.Ne5 Bf6
23.f4 Red8 24.Bf1 Bxe5 25.Qxe5 Qc7 26.Qe2 Qd6 27.Rc4 Rc7 28.Rec1 Rdc8 29.Ba1 Qe7
30.Bg2 Qg5 31.h3 h5 32.Bb2 Qg6 33.Rd1 c5 34.dxc5 bxc5 35.Be5 Ra7 36.g4 hxg4
37.hxg4 Rxa3 38.gxf5 Qxf5  1-0

[Event "60th ch-MNE"]
[Site "Cetinje MNE"]
[Date "2008.07.15"]
[Round "8"]
[White "Drasko,M"]
[Black "Krivokapic,M"]
[Result "1-0"]
[WhiteElo "2508"]
[BlackElo "2421"]

1.Nf3 d5 2.g3 Nf6 3.Bg2 c5 4.O-O e6 5.c4 dxc4 6.Na3 a6 7.Nxc4 Nc6 8.b3 Nd5
9.Bb2 b5 10.Nce5 Nxe5 11.Nxe5 Bb7 12.Rc1 f6 13.Nd3 Rc8 14.e4 Nb6 15.Nf4 e5
16.Qh5+ Ke7 17.Bxe5 g6 18.Nxg6+ hxg6 19.Qxh8 fxe5 20.Qh7+  1-0

[Event "Heart of Finland"]
[Site "Jyvaskyla FIN"]
[Date "2008.07.15"]
[Round "6"]
[White "Kivipelto,KE"]
[Black "Kiuttu,R"]
[Result "1-0"]
[WhiteElo "2174"]
[BlackElo "2091"]

1.Nf3 d5 2.g3 Nf6 3.Bg2 e6 4.O-O Be7 5.c4 O-O 6.b3 c5 7.Bb2 Nc6 8.e3 d4 9.exd4 cxd4
10.d3 Ne8 11.a3 a5 12.Re1 Bf6 13.Nbd2 g6 14.c5 Bg7 15.Nc4 Qe7 16.Nb6 Rb8
17.Rc1 Nc7 18.Rc4 Rd8 19.b4 e5 20.Nxc8 Rbxc8 21.Nxd4 Nxd4 22.Rxd4 Rxd4 23.Bxd4 axb4
24.axb4 Na6 25.Bc3 Qd7 26.Qf3 Rc7 27.Qd5 Qxd5 28.Bxd5 Re7 29.f4 Rd7 30.Bc4 e4
31.Bxg7 Kxg7 32.c6 bxc6 33.Bxa6 exd3 34.Rd1 d2 35.b5 cxb5 36.Bxb5 Rd5 37.Be2 h5
38.Kf2 h4 39.g4 g5 40.f5  1-0

[Event "17th ch-MKD"]
[Site "Struga MKD"]
[Date "2008.07.15"]
[Round "2"]
[White "Tausanov,M"]
[Black "Sekulovska,V"]
[Result "0-1"]
[WhiteElo "1919"]
[BlackElo "2125"]

1.Nf3 d5 2.g3 Nf6 3.c4 c6 4.Bg2 Bg4 5.cxd5 Nxd5 6.Nc3 e6 7.Qb3 Bxf3 8.Bxf3 Qb6
9.Qc2 Nd7 10.d3 Ne5 11.Bg2 Nb4 12.Qd1 Rd8 13.O-O Be7 14.Be3 Qa6 15.Ne4 Nc4
16.Bc1 O-O 17.a3 Nb6 18.Bg5 N4d5 19.Bxe7 Nxe7 20.Nc5 Qb5 21.b4 Nbd5 22.Qc2 b6
23.Ne4 Qa6 24.Rfc1 Qb7 25.Nd2 Qb8 26.Nc4 Nf5 27.Qb2 Nde7 28.Ne5 Nd4 29.f4 c5
30.Kf2 f6 31.Nf3 Nxf3 32.Bxf3 cxb4 33.axb4 Rd7 34.b5 Qd6 35.Ra4 e5 36.Qa2+ Kh8
37.Rcc4 exf4 38.gxf4 Ng6 39.Rd4 Qc5 40.Rc4 Qf5 41.Rxd7 Qxd7 42.Bc6 Qh3 43.Qxa7 Qxh2+
44.Ke3 h5 45.Qxb6 Qg1+  0-1

[Event "Heart of Finland"]
[Site "Jyvaskyla FIN"]
[Date "2008.07.16"]
[Round "7"]
[White "Norri,J"]
[Black "Tiitta,S"]
[Result "1-0"]
[WhiteElo "2353"]
[BlackElo "2204"]

1.Nf3 d5 2.g3 Nf6 3.Bg2 c6 4.O-O Bg4 5.d3 Nbd7 6.Nbd2 e6 7.c3 Bd6 8.Qc2 O-O
9.e4 Re8 10.Re1 Qc7 11.h3 Bxf3 12.Nxf3 dxe4 13.dxe4 h6 14.Be3 Bc5 15.e5 Nd5
16.Bd2 a5 17.Re2 a4 18.Rae1 Bf8 19.h4 g6 20.h5 g5 21.Bxg5 hxg5 22.Nxg5 f5
23.exf6 N7xf6 24.Bh3 Bh6 25.Nxe6 Qf7 26.Bf5 Qxh5 27.Bg6 Qh3 28.Bxe8 Ng4 29.Qg6+ Kh8
30.Qh5  1-0

[Event "Inautomarket Open"]
[Site "Minsk BLR"]
[Date "2008.07.16"]
[Round "7"]
[White "Serov,M"]
[Black "Yevseev,D"]
[Result "0-1"]
[WhiteElo "2368"]
[BlackElo "2510"]

1.Nf3 d5 2.g3 Nf6 3.Bg2 c6 4.b3 Bf5 5.Bb2 e6 6.d3 h6 7.Nbd2 Be7 8.O-O O-O
9.c4 a5 10.a3 Bh7 11.Rc1 Nbd7 12.Rc2 Bd6 13.Qa1 Qe7 14.cxd5 cxd5 15.Nd4 Rfc8
16.Rfc1 Rxc2 17.Rxc2 Bc5 18.Nb5 e5 19.Rc1 Rd8 20.Nf3 e4 21.Ne1 Bxf2+ 22.Kh1 Ng4
23.h3 Bxg3 24.hxg4 Qh4+ 25.Kg1 Bh2+ 26.Kf1 e3  0-1

[Event "17th ch-MKD"]
[Site "Struga MKD"]
[Date "2008.07.16"]
[Round "3"]
[White "Ilic,Zo3"]
[Black "Temkov,B"]
[Result "1-0"]
[WhiteElo "2306"]
[BlackElo "2014"]

1.Nf3 d5 2.g3 c6 3.Bg2 Bg4 4.c4 Bxf3 5.Bxf3 e6 6.O-O Nf6 7.cxd5 cxd5 8.Qb3 Qd7
9.d3 Nc6 10.Bg2 Rc8 11.Nc3 Be7 12.Bd2 O-O 13.Rfc1 h6 14.a3 Ne8 15.Qa4 f5
16.b4 Bf6 17.Rab1 a6 18.b5 Nd4 19.Kf1 axb5 20.Qd1 Nd6 21.e3 Nc6 22.Nxb5 Nxb5
23.Rxb5 Ne5 24.Qb3 Rxc1+ 25.Bxc1 Qc6 26.Bd2 Qa6 27.Rb6 Qxd3+ 28.Qxd3 Nxd3
29.Rxe6 Rd8 30.Rb6 d4 31.Rxb7 dxe3 32.Bxe3 Kh7 33.Rb5 Kg6 34.Rd5 Rxd5 35.Bxd5 Be7
36.a4 Bb4 37.Bb6 Nc5 38.a5 Kf6 39.Bc4 Bxa5 40.Bxa5 Ne4 41.f3 Nd6 42.Bc3+ Kg5
43.Bd3 g6 44.f4+  1-0

[Event "Aegean Open"]
[Site "Aghios Kirykos GRE"]
[Date "2008.07.17"]
[Round "6"]
[White "Aggelis,N"]
[Black "Siebrecht,S"]
[Result "0-1"]
[WhiteElo "2271"]
[BlackElo "2453"]

1.Nf3 d5 2.g3 Bg4 3.Bg2 Nd7 4.d4 c6 5.O-O Ngf6 6.b3 e6 7.Bb2 Be7 8.Nbd2 a5
9.a3 a4 10.b4 b5 11.Re1 O-O 12.e4 Nb6 13.h3 Bh5 14.g4 Bg6 15.Ne5 Rc8 16.Qe2 Nfd7
17.Nxd7 Qxd7 18.Rad1 Bg5 19.Nf3 Bf4 20.Bc1 Bxc1 21.Ne5 Qd6 22.Rxc1 f6 23.Nxg6 hxg6
24.Qd3 g5 25.Bf1 Rcd8 26.e5 fxe5 27.Rxe5 Nc4 28.Rxg5 Qf4 29.Qg6 Rf7 30.Qh6 Qxf2+
31.Kh1 Ne3 32.Qxe6 Nxf1  0-1

[Event "Aegean Open"]
[Site "Aghios Kirykos GRE"]
[Date "2008.07.17"]
[Round "6"]
[White "Minina,V"]
[Black "Tompros,A"]
[Result "1-0"]
[WhiteElo "2166"]
[BlackElo "1668"]

1.Nf3 d5 2.g3 Nf6 3.Bg2 e6 4.d4 c5 5.c4 dxc4 6.Qa4+ Bd7 7.Qxc4 Bc6 8.dxc5 Qa5+
9.b4 Qc7 10.Bf4 Qc8 11.Nc3 Nd5 12.O-O Nxf4 13.Qxf4 Nd7 14.Rfd1 Nf6 15.e4 Be7
16.e5 Nd7 17.Ng5 O-O 18.Nce4 h6 19.Nf3 a5 20.a3 axb4 21.axb4 Rxa1 22.Rxa1 b6
23.Nd6 Qb8 24.Nd4 Bxg2 25.Kxg2 Bg5 26.Qe4 bxc5 27.Nc6 Nf6 28.Qf3 Qb6 29.Ne7+ Kh8
30.Ra8  1-0

[Event "Heart of Finland"]
[Site "Jyvaskyla FIN"]
[Date "2008.07.17"]
[Round "8"]
[White "Meskanen,V"]
[Black "Kivimaki,J"]
[Result "0-1"]
[WhiteElo "2119"]
[BlackElo "2187"]

1.g3 d5 2.Nf3 e6 3.Bg2 b5 4.O-O Nf6 5.b3 a5 6.c4 c6 7.d3 Be7 8.Qc2 O-O 9.e4 a4
10.Bb2 axb3 11.axb3 Rxa1 12.Bxa1 Na6 13.e5 Nd7 14.Re1 Nb4 15.Qd2 Nc5 16.Qxb4 Ne4
17.Qxe7 Qxe7 18.dxe4 dxc4 19.bxc4 b4 20.Nd4 Bd7 21.Nb3 c5 22.Bb2 Ba4 23.N1d2 Bxb3
24.Nxb3 Ra8 25.Bc1 Qc7 26.f4 Ra2 27.Be3 Ra3 28.Rb1 Qc6 29.Bf2 Qa4 30.Nxc5 Qc2
31.Rxb4 h6 32.Bf1 Ra1 33.Kg2 Qd1 34.Bd3 Qh1+ 35.Kh3 Ra2 36.Rb1 Qf3 37.Rf1 g5
38.f5 Kh7 39.fxe6 fxe6  0-1

[Event "8th Open"]
[Site "Saint-Chely d'Aubrac FRA"]
[Date "2008.07.17"]
[Round "7"]
[White "Mourgues,Jo"]
[Black "Roignot,P"]
[Result "1/2-1/2"]
[WhiteElo "1767"]
[BlackElo "2029"]

1.Nf3 d5 2.g3 Nf6 3.Bg2 c6 4.d3 e6 5.Nbd2 Be7 6.O-O Nbd7 7.e4 Qc7 8.Qe2 dxe4
9.dxe4 e5 10.Rd1 O-O 11.Nh4 Nb6 12.Nf5 Re8 13.Nxe7+ Rxe7 14.Nf1 Be6 15.b3 Rd7
16.Bg5 Rxd1 17.Rxd1 Nbd7 18.Bc1 Nb6 19.Ne3 Rd8 20.Rxd8+ Qxd8 21.Bb2 Qc7 22.Qd2 Ne8
23.c4 f6 24.Bf1 Nc8 25.f3 Kf7 26.b4 Qd7 27.Qxd7+ Bxd7 28.c5 Be6 29.a3 a6
30.f4 exf4 31.gxf4 g6 32.Kf2 Ne7 33.Be2 f5 34.e5 Nd5 35.Nxd5 Bxd5 36.h4 h5
37.Ke3 Nc7 38.Bc1 Ke6 39.Bd3 Bb3 40.Be2 Kd5 41.Bb2 Bc4 42.Bf3+ Ke6 43.Kd4 Bb3
44.Bc1  1/2-1/2

[Event "Aegean Open"]
[Site "Aghios Kirykos GRE"]
[Date "2008.07.18"]
[Round "7"]
[White "Markus,Rob"]
[Black "Postny,E"]
[Result "1/2-1/2"]
[WhiteElo "2572"]
[BlackElo "2661"]

1.Nf3 d5 2.g3 c6 3.Bg2 Bg4 4.O-O Nd7 5.d3 e5 6.e4 dxe4 7.dxe4 Ngf6 8.Nbd2 Be7
9.Qe1 O-O 10.Nc4 Qc7 11.Ne3 Bxf3 12.Bxf3 g6 13.a4 Nc5 14.Ng4 Ne6 15.Be3 Nd7
16.Bh6 Rfd8 17.h4 Bf8 18.Bxf8 Ndxf8 19.a5 h5 20.Ne3 Rd7 21.b4 Rad8 22.c3 Nh7  1/2-1/2

[Event "Heart of Finland"]
[Site "Jyvaskyla FIN"]
[Date "2008.07.18"]
[Round "9"]
[White "Haapasalo,JP"]
[Black "Niemi,O"]
[Result "0-1"]
[WhiteElo "2167"]
[BlackElo "2053"]

1.Nf3 d5 2.g3 g6 3.c4 c6 4.cxd5 cxd5 5.d4 Nf6 6.Bg2 Bg7 7.O-O O-O 8.Ne5 Nc6
9.Nc3 Be6 10.Nxc6 bxc6 11.Bf4 Qb6 12.Na4 Qb5 13.Rc1 Nd7 14.b3 Rac8 15.Nc5 Nxc5
16.Rxc5 Qa6 17.Qd2 Rfd8 18.Rfc1 Bf5 19.Bf1 Qb7 20.Qc3 Bd7 21.f3 Bf8 22.Ra5 e5
23.Bxe5 Bb4 24.Qe3 Re8  0-1

[Event "19th Czech Chladek & Tintera A Open"]
[Site "Pardubice CZE"]
[Date "2008.07.18"]
[Round "1"]
[White "Zickus,S"]
[Black "Simacek,P"]
[Result "1/2-1/2"]
[WhiteElo "2269"]
[BlackElo "2470"]

1.Nf3 d5 2.g3 g6 3.Bg2 Bg7 4.d4 Nf6 5.O-O O-O 6.c4 dxc4 7.Na3 c6 8.Nxc4 Be6
9.Qd3 Nbd7 10.Rd1 Bd5 11.Ncd2 Qa5 12.e4 Be6 13.h3 Rfd8 14.Qe2 Nb6 15.b3 Ne8
16.Bb2 Nc7 17.Qe3 c5 18.Bc3 Qa3 19.Nb1 cxd4 20.Nxd4 Qc5 21.Rd2 Rd7 22.b4 Qh5
23.Nxe6 Nxe6 24.Rxd7 Nxd7 25.Bxg7 Kxg7 26.Nc3 Nb6 27.e5 Rd8 28.Re1 Rd4 29.Nb5 Rxb4
30.Nxa7 Nd7 31.Nc8 Rb5 32.f4 Qf5 33.Nxe7 Qc2 34.Re2 Qb1+ 35.Kh2 Rb2 36.Rxb2 Qxb2
37.Qb3 Qf2 38.Qf3 Qc5 39.Nd5 Qc2 40.Qb3 Qf2 41.a3 h5 42.h4 Nd4 43.Qe3 Qb2
44.Qc3 Qf2 45.Qe3 Qb2 46.Nf6 Nf5 47.Qf3 Nxf6 48.exf6+ Kxf6 49.Qxb7 Qxa3 50.Qf3 Ne3
51.Qa8 Ng4+ 52.Kh3 Qe3 53.Bf3 Nf2+ 54.Kg2 Nd3 55.Qa1+ Kf5 56.Qa5+ Nc5 57.Qb5 Qd4
58.Qe8 Nd7 59.Qxf7+ Nf6 60.Qa2 Qe3 61.Qe2 Qxe2+ 62.Bxe2 Nd5 63.Bd3+ Kg4 64.Be2+ Kf5
65.Kf3 Nb4 66.Bc4 Nc6 67.Bd3+ Kf6 68.Be4 Ne7 69.Ke3 Ke6 70.Bd3 Nd5+ 71.Kf3 Ne7
72.Bb5 Nf5 73.Be8 Kf6 74.Bd7 Ke7 75.Bxf5 gxf5 76.Ke3 Kd7 77.Kd3 Kc7 78.Kc3 Kd7
79.Kb4 Kd6 80.Kc4 Kc6  1/2-1/2

[Event "Canadian Open"]
[Site "Montreal CAN"]
[Date "2008.07.19"]
[Round "1"]
[White "Ivkov,B"]
[Black "Doubleday,W"]
[Result "1-0"]
[WhiteElo "2411"]
[BlackElo "2125"]

1.Nf3 d5 2.g3 c6 3.Bg2 Nf6 4.O-O Bg4 5.d3 e6 6.Nbd2 Nbd7 7.b3 Be7 8.Bb2 O-O
9.c4 a5 10.a3 h6 11.Rc1 Bf5 12.Rc2 Bh7 13.Qa1 Re8 14.Ne5 Nxe5 15.Bxe5 Bd6
16.Rb1 Bxe5 17.Qxe5 Qb8 18.Qxb8 Rexb8 19.b4 axb4 20.axb4 Kf8 21.b5 Ke8 22.Nf3 Nd7
23.Nd4 c5 24.Nb3 d4 25.Rcb2 Kd8 26.f4 Ra3 27.Kf2 Kc8 28.Nd2 Rba8 29.g4 f6
30.h4 Kc7 31.b6+ Kd6 32.Bxb7 Rb8 33.Be4 Bxe4 34.Nxe4+ Kc6 35.f5 exf5 36.gxf5 Rxb6
37.Rxb6+ Nxb6 38.Rc1 Ra7 39.Rg1 Nc8 40.Kf3 Nd6 41.Kf4 Nxe4 42.dxe4 Ra2 43.Rxg7 Rxe2
44.Rg6 d3 45.Rxf6+ Kc7 46.e5 d2 47.Rd6 Rf2+ 48.Kg4 Re2 49.Rd3 Rxe5 50.Rxd2 Re4+
51.Kg3 Rxc4 52.f6 Ra4 53.f7 Ra8 54.Kg4 Rf8 55.Rf2 Kd6 56.Kh5 c4 57.Kxh6 c3
58.Kg7  1-0

[Event "19th Czech Chladek & Tintera A Open"]
[Site "Pardubice CZE"]
[Date "2008.07.19"]
[Round "2"]
[White "Stopa,Ja"]
[Black "Meyer,Mal"]
[Result "1-0"]
[WhiteElo "2440"]
[BlackElo "2321"]

1.Nf3 d5 2.g3 Nf6 3.Bg2 e6 4.O-O Be7 5.d3 O-O 6.Nbd2 c5 7.e4 Nc6 8.Qe2 Qc7
9.Re1 dxe4 10.dxe4 e5 11.c3 b6 12.Nh4 Rd8 13.Nf5 a5 14.a4 Ba6 15.Nc4 g6 16.Nh6+ Kg7
17.Bf1 Rab8 18.h3 Qd7 19.Kh2 Qe6 20.b3 b5 21.axb5 Bxb5 22.h4 Bxc4 23.Qxc4 Rxb3
24.Nxf7 Qxc4 25.Bxc4 Rbb8 26.Bh6+  1-0

[Event "19th Czech Chladek & Tintera A Open"]
[Site "Pardubice CZE"]
[Date "2008.07.19"]
[Round "2"]
[White "Klenburg,M"]
[Black "Kociscak,J"]
[Result "1-0"]
[WhiteElo "2445"]
[BlackElo "2324"]

1.g3 d5 2.Nf3 c6 3.Bg2 Bg4 4.O-O Nd7 5.d4 Ngf6 6.Nbd2 e6 7.Re1 Bd6 8.e4 dxe4
9.Nxe4 Nxe4 10.Rxe4 Bh5 11.c3 O-O 12.Qb3 Qc7 13.Nd2 Bg6 14.Re1 Qb6 15.Nc4 Qxb3
16.axb3 Bc7 17.b4 a6 18.Na5 Bxa5 19.bxa5 Rfe8 20.Bf4 f6 21.Ra4 e5 22.Be3 exd4
23.Rxd4 Nc5 24.Red1 Bc2 25.R1d2 Be4 26.Rb4 Bxg2 27.Kxg2 Ne6 28.Rxb7  1-0

[Event "19th Czech Chladek & Tintera A Open"]
[Site "Pardubice CZE"]
[Date "2008.07.20"]
[Round "3"]
[White "Volosin,V"]
[Black "Aepfler,C"]
[Result "1-0"]
[WhiteElo "2278"]
[BlackElo "2331"]

1.Nf3 d5 2.g3 Nf6 3.Bg2 e6 4.O-O Be7 5.d3 c5 6.Nbd2 Nc6 7.e4 b6 8.Qe2 Bb7
9.e5 Nd7 10.h4 Qc7 11.Re1 O-O-O 12.Nf1 h6 13.N1h2 Kb8 14.c3 Rc8 15.Ng4 Rhd8
16.Bd2 Bf8 17.a3 Ne7 18.b4 c4 19.d4 a6 20.h5 Nf5 21.Ne3 Nxe3 22.Qxe3 Ka7
23.Qf4 Nb8 24.a4 Qe7 25.Qg4 Rc7 26.Nh4 Bc8 27.f4 Qe8 28.Bh3 f5 29.Qf3 Rf7
30.g4 fxg4 31.Bxg4 Qd7 32.a5 b5 33.f5 Qc6 34.Ng6 exf5 35.Bh3 Be6 36.Nf4 Be7
37.Re2 Bg5 38.Nxe6 Qxe6 39.Kh1 Nc6 40.Rg1 Ne7 41.Bxg5 hxg5 42.Rxg5 Qh6 43.Reg2 Rh8
44.Kg1 g6 45.Kf2 gxh5 46.Ke2 h4 47.Rg1 Qe6 48.Qe3 Rhh7 49.R5g2 Rh8 50.Qf4 Kb7
51.Rg7 Rh7 52.Rxh7 Rxh7 53.Qg5 Kc8 54.Rf1 Qh6 55.Qf6 Qxf6 56.exf6 Ng8  1-0

[Event "XIII Open"]
[Site "Balaguer ESP"]
[Date "2008.07.21"]
[Round "8"]
[White "Gomes,Mary"]
[Black "Levin,F"]
[Result "1-0"]
[WhiteElo "2316"]
[BlackElo "2564"]

1.Nf3 d5 2.g3 Nc6 3.d4 Bf5 4.Bg2 Nb4 5.Na3 e6 6.c3 Na6 7.Nc2 c6 8.O-O Be7
9.Ne5 f6 10.Nd3 g5 11.f3 Bg6 12.e4 h5 13.exd5 cxd5 14.f4 g4 15.f5 Bxf5 16.Nf4 Qd7
17.Ne3 Bh7 18.Nxh5 O-O-O 19.Nxg4 Be4 20.Bxe4 dxe4 21.Nhxf6 Nxf6 22.Nxf6 Bxf6
23.Rxf6 Nc7 24.Qf1 Qd5 25.Qe2 Rh7 26.Bf4 Rdh8 27.h4 Rg8 28.Be5 Rxh4 29.Raf1 Rh7
30.Rf8+ Rxf8 31.Rxf8+ Kd7 32.c4 Qc6 33.Qf1 Ne8 34.Rf7+ Rxf7 35.Qxf7+ Kd8
36.b3 Qa6 37.Qf2 Qa5 38.Qe2 Qc3 39.Kf2 Qa1 40.Ke3 Qb1 41.Kf4 b6 42.g4 Kd7
43.g5 Qc1+ 44.Qe3 Qf1+ 45.Kg3 Qh1 46.g6 Nd6 47.Bxd6 Kxd6 48.g7 Qh7 49.Qg5  1-0

[Event "19th Czech Chladek & Tintera A Open"]
[Site "Pardubice CZE"]
[Date "2008.07.21"]
[Round "4"]
[White "Naroditsky,D"]
[Black "Smith,Ax"]
[Result "1/2-1/2"]
[WhiteElo "2313"]
[BlackElo "2427"]

1.Nf3 d5 2.g3 c6 3.Bg2 Bg4 4.O-O Nd7 5.d4 Ngf6 6.Nbd2 e6 7.Re1 Be7 8.e4 dxe4
9.Nxe4 Nxe4 10.Rxe4 Bf5 11.Re1 O-O 12.c3 Re8 13.Qb3 Qb6 14.Nd2 Qxb3 15.axb3 Nb6
16.b4 a6 17.Nb3 Bd6 18.Nc5 Bxc5 19.bxc5  1/2-1/2

[Event "83rd ch-ARG s/f"]
[Site "Buenos Aires ARG"]
[Date "2008.07.22"]
[Round "2"]
[White "Spata,G"]
[Black "Virgillito,C"]
[Result "0-1"]
[WhiteElo "2250"]
[BlackElo "2140"]

1.Nf3 d5 2.g3 c6 3.Bg2 Bg4 4.O-O Nd7 5.d4 Ngf6 6.c4 e6 7.b3 Bd6 8.Nc3 Qe7
9.Bb2 O-O 10.Qd2 Rad8 11.Rfe1 e5 12.cxd5 cxd5 13.dxe5 Bxe5 14.Nxe5 Nxe5 15.Nb5 Rfe8
16.Qf4 a6 17.Bxe5 Qxe5 18.Qxe5 Rxe5 19.Nd4 Rc8 20.Rec1 Ree8 21.e3 Kf8 22.h3 Rxc1+
23.Rxc1 Rc8 24.Rxc8+ Bxc8 25.g4 h6 26.Kf1 Ke7 27.Ke2 Kd6 28.Kd3 g5 29.f4 Bd7
30.Nf3 Ne4 31.Ne5 Nc5+ 32.Kc3 Be8 33.Nd3 Ne6 34.f5 Nc5 35.Nb4 Ke5 36.Nxd5 Bc6
37.Kc4 Nd7 38.e4 Bxd5+ 39.exd5 Kd6 40.Kd4 f6 41.Bf3 Nb6 42.b4 Nc8 43.a4 Nb6
44.a5 Nd7 45.Bd1 Ne5 46.Be2 Nd7 47.Bf1 Ne5 48.b5 axb5 49.Bxb5 Nf3+ 50.Ke3 Ne1
51.Bc6 bxc6 52.a6 Nc2+ 53.Kd2 Na3 54.dxc6 Kxc6 55.a7 Nc4+ 56.Kc3 Nb6 57.Kb4 Nd5+
58.Kc4 Nc7 59.Kb4 Kb6 60.Kc4 Kxa7 61.Kc5 Kb7 62.Kd6 Kb6 63.Ke7 Nd5+ 64.Kd6 Nf4
65.Ke7 Nxh3 66.Kxf6 Nf2 67.Kg6 Nxg4 68.Kh5 Ne5 69.f6 Nd7  0-1

[Event "Politiken Cup"]
[Site "Helsingor DEN"]
[Date "2008.07.22"]
[Round "5"]
[White "Werner,Ge"]
[Black "Jorgensen,O"]
[Result "1-0"]
[WhiteElo "1952"]
[BlackElo "1678"]

1.Nf3 d5 2.g3 c5 3.Bg2 Nf6 4.O-O Nc6 5.d4 e6 6.c4 cxd4 7.Nxd4 Bc5 8.Nb3 Be7
9.cxd5 Nxd5 10.e4 Nf6 11.Qxd8+ Bxd8 12.a4 a5 13.Na3 e5 14.h3 O-O 15.Be3 b6
16.Rac1 Bb7 17.Nc4 Nb4 18.Nd6 Rb8 19.Nxb7 Rxb7 20.Rfd1 Rc7 21.Rxc7 Bxc7 22.Rc1 Bd8
23.Nd2 Nd3 24.Rc2 Nb4 25.Rc8 Nd7 26.Bf1 f6 27.Bb5 Nc5 28.Bc4+ Kh8 29.Bxc5 bxc5
30.Nb3 Be7 31.Rxf8+ Bxf8 32.Nxa5 Bd6 33.Nb7 Be7 34.Bb5 g6 35.a5 f5 36.a6 f4
37.a7 fxg3 38.a8=Q+ Kg7 39.fxg3  1-0

[Event "19th Czech Chladek & Tintera A Open"]
[Site "Pardubice CZE"]
[Date "2008.07.23"]
[Round "6"]
[White "Haub,TM"]
[Black "Pedersen,Christi"]
[Result "0-1"]
[WhiteElo "2460"]
[BlackElo "2402"]

1.Nf3 d5 2.g3 g6 3.d3 Bg7 4.Bg2 e5 5.Nbd2 Ne7 6.O-O O-O 7.e4 Nbc6 8.c3 a5
9.a4 h6 10.exd5 Nxd5 11.Re1 Re8 12.Nc4 Bf5 13.Ra3 Nb6 14.Nxb6 cxb6 15.Rb3 Bxd3
16.Bf1 Bxf1 17.Qxd8 Raxd8 18.Kxf1 e4 19.Ng1 f5 20.f4 Re7 21.Be3 Rd5 22.Nh3 Red7
23.Rxb6 Kf7 24.Nf2 Ne7 25.c4 R5d6 26.Rxd6 Rxd6 27.Rd1 Ke6 28.Rxd6+ Kxd6 29.Nd1 Nc6
30.h3 Nd4 31.Bd2 Nb3 32.Be1 Bd4 33.Ke2 Nc1+ 34.Kf1 Nb3 35.g4 Kc5 36.Nf2 Bxf2
37.Kxf2 Kxc4 38.gxf5 gxf5 39.Kg3 Nd4 40.Bxa5 Ne2+ 41.Kh2 Kb3 42.Bc7 Kxb2
43.Kg2 Kc2  0-1

[Event "83rd ch-ARG s/f"]
[Site "Buenos Aires ARG"]
[Date "2008.07.24"]
[Round "4"]
[White "Catelli,H"]
[Black "Sandrone,M"]
[Result "1-0"]
[WhiteElo "2176"]
[BlackElo "2062"]

1.g3 d5 2.Nf3 Nf6 3.Bg2 e6 4.O-O Be7 5.d3 O-O 6.Nbd2 b6 7.e4 Bb7 8.e5 Nfd7
9.Re1 Re8 10.h4 c5 11.Nf1 Nc6 12.N1h2 Qc7 13.Bf4 Rac8 14.c3 b5 15.Ng5 Bxg5
16.hxg5 Ne7 17.Qh5 Ng6 18.Ng4 Nxf4 19.gxf4 Qd8 20.Bf3 Qe7 21.Kg2 f5 22.gxf6 Qf7
23.Qg5 Qg6 24.Rh1 Qxg5 25.fxg5 Nf8 26.fxg7 Kxg7 27.Nf6 Re7 28.Rh6 Kh8 29.Rah1 Rg7
30.Kf1 Bc6 31.d4 cxd4 32.cxd4 Be8 33.Nxe8 Rxe8 34.Be2 a6 35.Bd3 Rc8 36.f4 Rc1+
37.Ke2 Rxh1 38.Rxh1 Ng6 39.Bxg6 Rxg6 40.Rc1 Kg7 41.Rc7+ Kg8 42.Kf3 h6 43.Kg4 hxg5
44.fxg5 Kh8 45.Kh5 Rg8 46.g6 a5 47.Rh7+  1-0

[Event "Politiken Cup"]
[Site "Helsingor DEN"]
[Date "2008.07.24"]
[Round "7"]
[White "Fischer,Thom3"]
[Black "Jogvansson,H"]
[Result "1/2-1/2"]
[WhiteElo "1976"]
[BlackElo "1750"]

1.Nf3 d5 2.g3 Nf6 3.Bg2 Bf5 4.d3 Nbd7 5.O-O e5 6.Nbd2 Bc5 7.c3 Bb6 8.Qc2 O-O
9.Nh4 Bg4 10.e4 dxe4 11.dxe4 Be2 12.Re1 Ba6 13.Nf1 Nc5 14.Be3 Bd3 15.Qd1 Ncxe4
16.Bxb6 axb6 17.Re3  1/2-1/2